Elektro-tepelná simulácia batériového systému

Saved in:
Bibliographic Details
Main Author: Hano, Adam (Author)
Other Authors: Baťa, Martin (Thesis advisor)
Format: Manuscript Book
Language:Slovak
Published: Bratislava : STU v Bratislave FEI, 2025
Subjects:
Online Access:https://opac.crzp.sk/?fn=detailBiblioFormChildGGDA7&sid=BA75C2D62745AD5727E4979ED92F&seo=CRZP-detail-kniha
Tags: Add Tag
No Tags, Be the first to tag this record!

MARC

LEADER 00000ntm a22000003a 4500
001 stuzp104009
003 SK-STU
005 20251104104501.0
007 ta
008 150427s2015----xo-----f-mn---000-0-slo-d
040 |a STU  |b slo 
041 0 |a slo 
044 |a xo 
100 1 |a Hano, Adam  |u 030400  |4 aut  |U FEI Fakulta elektrotechniky a informatiky  |T FEI Ústav automobilovej mechatroniky  |X 122594  |U E400  |Y 642  |7 122594 
242 0 1 |a Electro-thermal simulation of a battery system  |y eng 
245 1 0 |a Elektro-tepelná simulácia batériového systému 
260 |a Bratislava :  |b STU v Bratislave FEI,  |c 2025 
300 |a 76 s. 
650 4 |a lítium-iónová batéria  |2 slo 
650 4 |a elektro-tepelný model  |2 slo 
650 4 |a teplotný manažment  |2 slo 
650 4 |a lithium-ion battery  |2 eng 
650 4 |a electro-thermal model  |2 eng 
650 4 |a thermal management  |2 eng 
700 1 |a Baťa, Martin  |u 030400  |k Z3  |4 ths  |U FEI Fakulta elektrotechniky a informatiky  |T FEI Ústav automobilovej mechatroniky  |X 72675  |U E400  |Y 642  |7 72675 
856 4 |u https://opac.crzp.sk/?fn=detailBiblioFormChildGGDA7&sid=BA75C2D62745AD5727E4979ED92F&seo=CRZP-detail-kniha